El Monólogo norte sur y la explotación de los países subdesarrollados /

সংরক্ষণ করুন:
গ্রন্থ-পঞ্জীর বিবরন
প্রধান লেখক: Calcagno, Alfredo
অন্যান্য লেখক: Jakobowicz, Jean Michael
বিন্যাস: পাঠ‍্য
প্রকাশিত: México D.F.: Siglo Veintiuno
ট্যাগগুলো: ট্যাগ যুক্ত করুন
কোনো ট্যাগ নেই, প্রথমজন হিসাবে ট্যাগ করুন!

MARC

LEADER 00000 a a2200000 04500
001 24908
003
040
020 |a 968-23-1078-4  
090 |a 175600  
100 |a Calcagno, Alfredo  
245 |a El Monólogo norte sur y la explotación de los países subdesarrollados /  |c Alfredo Calcagno 
260 |a México D.F.:   |b Siglo Veintiuno  
300 |a 208 p.   |b **no definido**  
700 |a Jakobowicz, Jean Michael  
999 |c 11137  |d 11137